[Event "Leitersdorf Region-ch"]
[Site "Leitersdorf"]
[Date "2012.01.06"]
[Round "4.1"]
[White "Stallinger, Hermann"]
[Black "Amtmann, Franz"]
[Result "1-0"]
[WhiteElo "1395"]
[BlackElo "1864"]
[PlyCount "135"]
[EventDate "2012.01.03"]
[EventType "swiss"]
[EventRounds "5"]
[EventCountry "AUT"]
[SourceTitle "EXT 2013"]
[Source "ChessBase"]
[SourceDate "2012.11.22"]
[SourceVersion "1"]
[SourceVersionDate "2012.11.22"]
[SourceQuality "1"]

1. e4 e5 2. Nf3 Nc6 3. Nc3 Nf6 4. Bb5 Bd6 5. 0-0 a6 6. Bxc6 dxc6 7. d3 0-0 8. Bg5 Bg4 9. h3 Bh5 10. g4 Bg6 11. Nh4 h6 12. Bxf6 Qxf6 13. Nf5 Bc5 14. Kg2 Rad8 15. f4 exf4 16. Rxf4 Qe5 17. Qf3 f6 18. Rb1 b5 19. Ne2 Qe6 20. d4 Bb6 21. b3 c5 22. d5 Qe5 23. Qc3 Qe8 24. Kf3 c6 25. d6 Bxf5 26. exf5 Rxd6 27. Re4 Qf7 28. Re1 g5 29. Ng3 Qd5 30. R1e2 Rd7 31. Nf1 Bc7 32. Rd2 Qf7 33. Qxc5 Rxd2 34. Nxd2 Qd7 35. Rd4 Qe8 36. Ne4 Be5 37. Rd3 Rf7 38. Qb6 Rd7 39. Qxa6 Rxd3+ 40. cxd3 Qd7 41. Ke2 Kf7 42. Nc5 Qd5 43. Qb7+ Ke8 44. Qc8+ Ke7 45. Qe6+ Qxe6 46. Nxe6 Bb2 47. Ke3 Kd6 48. Ke4 b4 49. Nd8 Kc7 50. Ne6+ Kd6 51. d4 Bc3 52. Nc5 Be1 53. Kd3 Bf2 54. Ne6 Kd5 55. Nc7+ Kd6 56. Na6 c5 57. Nxc5 Be1 58. Kc4 Kc6 59. Nd3 Bd2 60. Nxb4+ Bxb4 61. Kxb4 Kd5 62. Kc3 Ke4 63. b4 Kf3 64. d5 Kg3 65. d6 Kxh3 66. d7 Kxg4 67. d8Q Kxf5 68. Qd4 1-0